000 00513nam a2200145Ia 4500
008 100122s9999 xx 000 0 und d
082 _b52070
_a361.51
100 _aराजुळे सुभाष
245 _aभूकंपाच्या पाऊल खुणा
260 _bऋतुरंग प्रकाशन
_c1995
300 _a84
630 _aभूकंपाच्या पाऊल खुणा
730 _aभूकंपाच्या पाऊल खुणा
942 _cBOOK
999 _c429346
_d429343